000 00442nam a22001817a 4500
003 MPLRDC
005 20220104153046.0
008 210129b ||||| |||| 00| 0 eng d
082 _a563.5 ZZQ
100 _a张真卿
245 _a共同基金投资指南
_c
250 _a初版
260 _a
_b台湾广厦国际出版机构
_c1997
300 _b
490 _a成功改造. 7
650 _a基金投资
942 _cBK
_o563.5 ZZQ
999 _c53237
_d53227